000 00660nam a2200205 a 4500
001 000048243
005 20201002061020.0
008 181210s2016 pr r 000 0 spa d
020 _a9789945581652
040 _aDO-SdBNP
_bspa
_cBNPHU
082 _axxxx
_bC352g
100 1 _aCastillo Soto, Raúl
_975681
245 1 0 _aGuiñapo y oropel :
_bpoesía (2014-2008) /
_cRaúl Castillo Soto.
260 _aSan Juan, Puerto Rico :
_bIsla Negra,
_c2016.
300 _a207 p. ;
_c22 cm.
490 1 _aEl cañon secuestrado
500 _aIncluye datos biográficos del autor en las solapas
590 _aInventariado, 2019/BT
830 0 _aEl cañon secuestrado
_96917
999 _c47731
_d47731